Statistics for JetPunk Country Type-ins: Countries with no Type-ins

Click here to take the quiz!

General Stats

  • This quiz has been taken 46 times
  • The average score is 57 of 95

Answer Stats

COUNTRY% Correct
Sweden
90%
France
90%
Russia
90%
Norway
87%
Finland
87%
Germany
87%
Japan
85%
Mexico
85%
Iceland
82%
Denmark
79%
Chile
79%
Spain
79%
Portugal
79%
Italy
77%
Canada
77%
Ireland
77%
Indonesia
74%
India
74%
South Africa
74%
Austria
74%
Turkey
72%
Vietnam
72%
Poland
72%
Peru
69%
Laos
69%
South Korea
69%
Greece
69%
Albania
69%
Yemen
69%
Egypt
67%
North Korea
67%
Qatar
67%
Oman
67%
Slovakia
64%
Croatia
64%
Iraq
64%
Iran
64%
Estonia
64%
Togo
64%
Cambodia
64%
Mongolia
62%
Benin
62%
Fiji
62%
Sudan
62%
Latvia
62%
Thailand
62%
Panama
62%
Lithuania
62%
Serbia
62%
Tonga
59%
Malaysia
59%
San Marino
59%
Angola
59%
Kosovo
59%
Slovenia
59%
Chad
59%
Kenya
56%
Cuba
56%
Libya
56%
Romania
56%
Niger
54%
Malta
54%
Syria
54%
Palau
54%
Sri Lanka
54%
Namibia
51%
Nigeria
51%
Gabon
51%
Bulgaria
51%
Armenia
51%
Georgia
49%
Nepal
49%
Kuwait
49%
Moldova
49%
Belize
46%
Cyprus
46%
Zambia
46%
Ethiopia
46%
Tanzania
44%
Zimbabwe
44%
Mali
44%
Saudi Arabia
41%
Switzerland
41%
Haiti
41%
Uganda
41%
Bolivia
41%
Madagascar
41%
Swaziland
38%
Costa Rica
36%
Botswana
36%
Barbados
36%
Malawi
31%
Liberia
23%
Burkina Faso
21%
Mozambique
18%

Score Distribution

Percentile by Number Answered

Percent of People with Each Score

Your Score History

You have not taken this quiz